| 000 | 00396nam a22001457a 4500 | ||
|---|---|---|---|
| 020 | _a780521495363 | ||
| 082 |
_a624.17 _bDYM _cL-39, P-169 |
||
| 100 |
_aDym, Clive, L _942677 |
||
| 245 | _aStructure modeling and analysis / | ||
| 260 |
_aUK : _bUniversity of Cambridge _c1997. |
||
| 300 | _aviii, 261 p. : | ||
| 526 |
_a0 _b0 _c0 _d624_170000000000000_DYM |
||
| 650 |
_aMCE _9379 |
||
| 942 |
_2ddc _cBK |
||
| 999 |
_c546529 _d546529 |
||